| 000 -ლიდერი |
| ფიქსირებული სიგრძის საკონტროლო ველი |
00804nam a22001817a 4500 |
| 003 - საკონტროლო ნომრის იდენტიფიკატორი |
| საკონტროლო ველი |
Ge_BSU |
| 005 - ბოლო ოპერაციის თარიღი და დრო |
| საკონტროლო ველი |
20250926154547.0 |
| 008 - ფიქსირებული სიგრძის მონაცემთა ელემენტები - ზოგადი ინფორმაცია |
| ფიქსირებული სიგრძის საკონტროლო ველი |
250926s1972 ge ||||| |||| 00| 0 geo d |
| 041 ## - ენის კოდი |
| Language code of text/sound track or separate title |
geo |
| 080 ## - უნივერსალური ათობითი კლასიფიკაციის ინდექსი |
| Universal Decimal Classification number |
331.103:63(479.22) ბ-13 |
| 100 ## - მთავარი ჩანაწერი - პიროვნების სახელი |
| Personal name |
ბაბილოძე, კასიანე |
| 9 (RLIN) |
25874 |
| 245 ## - ცნობა სათაურის შესახებ |
| Title |
შრომის მეცნიერული ორგანიზაცია სოფლის მეურნეობაში / |
| Statement of responsibility, etc |
კასიანე ბაბილოძე. |
| 264 ## - წარმოების, გამოცემის, დისტრიბუციის და სხვა ცნობები |
| გამოცემის, წარმოების, დისტრიბუციის... ადგილი |
ბათუმი : |
| გამოცემის, წარმოების, დისტრიბუციის... სახელწოდება |
საბჭოთა აჭარა, |
| გამოცემის, წარმოების, დისტრიბუციის... თარიღი |
1972. |
| 300 ## - ფიზიკური აღწერა |
| Extent |
95 გვ. ; |
| Other physical details |
17 სმ. |
| 653 ## - INDEX TERM--UNCONTROLLED |
| Uncontrolled term |
სოფლის მეურნეობა |
| 653 ## - INDEX TERM--UNCONTROLLED |
| Uncontrolled term |
მეცნიერული ორგანიზაცია. |
| 942 ## - ADDED ENTRY ELEMENTS (KOHA) |
| Source of classification or shelving scheme |
|
| Koha item type |
წიგნი |